Spanish to English Capital Names - Statistics

General Stats
  • This quiz has been taken 60 times
  • The average score is 14 of 18
Answer Stats
Spanish English % Correct
Londres London
100%
Praga Prague
97%
La Habana Havana
90%
La Valeta Valletta
88%
Yibuti Djibouti
84%
Riad Riyadh
84%
Daca Dhaka
81%
Puerto España Port-of-Spain
81%
Varsovia Warsaw
78%
Jartum Khartoum
76%
Mascate Muscat
74%
Ciudad del Cabo Cape Town
72%
Uagadugú Ouagadougou
69%
Nom Pen Phnom Penh
69%
Puerto Príncipe Port-au-Prince
66%
Estocolmo Stockholm
64%
Tiflis Tbilisi
53%
Argel Algiers
45%
No matching quizzes found
Score Distribution
Percent of People with Each Score
Percentile by Number Answered
Your Score History
You have not taken this quiz